000 00834nam a2200253Ia 4500
003 OSt
005 20220930062939.0
006 a|||||r|||| 00| 0
007 ta
008 220926b |||||||| |||| 00| 0 eng d
024 _a1785
037 _cTheses
040 _aCRL
_cCRL
_beng
041 _2eng
_aeng
100 _aDeep Malvinder Singh
_9522070
110 _aUniversity of Delhi. Faculty of Social Sciences. Department of African Studies
_9519560
245 0 _aIndo-Nigerian economic relations 1960-1985
260 _c1992
650 _aAFRICA - HISTORY
700 _a Prof Harjinder Singh Supervisor
_9520151
700 _aUniversity of Delhi. Faculty of Social Sciences. Department of African Studies
_9519562
942 _cDIS
_2CC
999 _c856187
_d856187